[Event "32nd WCh U20 Girls"]
[Site "Pune IND"]
[Date "2014.10.09"]
[Round "4.22"]
[White "Mahalakshmi, Muganda Kumar"]
[Black "Vantika, Agrawal"]
[Result "1/2-1/2"]
[WhiteElo "1997"]
[BlackElo "1842"]
[EventDate "2014.10.06"]
[PlyCount "123"]

1.d4 Nf6 2.c4 g6 3.Nc3 Bg7 4.e4 d6 5.f3 O-O 6.Be3 Nbd7 7.Nh3 a6 8.Nf2 c5 
9.Be2 cxd4 10.Bxd4 b6 11.O-O Bb7 12.Qd2 Rc8 13.f4 e5 14.Be3 exf4 15.Bxf4 
Ne5 16.b3 Qc7 17.Rad1 Ne8 18.Ng4 b5 19.Bh6 bxc4 20.Bxg7 Kxg7 21.Qh6+ Kg8 
22.Nxe5 Qc5+ 23.Kh1 Qxe5 24.Nd5 cxb3 25.axb3 Bxd5 26.Rxd5 Qxe4 27.Rd2 Qe5 
28.Bxa6 Ra8 29.Re2 Qg7 30.Qxg7+ Kxg7 31.Bc4 Ra7 32.g4 h6 33.Rf4 Rc7 34.h3 
Nf6 35.Ref2 d5 36.Rxf6 dxc4 37.bxc4 Rxc4 38.R6f4 Rxf4 39.Rxf4 Rd8 40.Kg2 
Rd3 41.Rf2 Rd5 42.Kg3 Rd3+ 43.Kg2 Re3 44.Rf4 Kf8 45.Ra4 Ke7 46.Rb4 Kf6 47.
Rf4+ Ke6 48.Ra4 Ke5 49.Ra5+ Kf4 50.Ra7 f5 51.gxf5 gxf5 52.Ra4+ Re4 53.Ra2 
h5 54.Rf2+ Kg5 55.Ra2 h4 56.Kf3 Rf4+ 57.Ke3 Rf1 58.Rg2+ Kf6 59.Ra2 Rb1 60.
Kf4 Rb4+ 61.Kf3 Rd4 62.Ra8 1/2-1/2

[Event "32nd WCh U20 Girls"]
[Site "Pune IND"]
[Date "2014.10.09"]
[Round "4.23"]
[White "Hilmi, Parveen"]
[Black "Varshini, Velavan"]
[Result "1/2-1/2"]
[WhiteElo "1757"]
[BlackElo "2040"]
[EventDate "2014.10.06"]
[PlyCount "63"]

1.e4 c5 2.Nf3 d6 3.d4 cxd4 4.Nxd4 Nf6 5.Nc3 a6 6.Be3 e6 7.f3 Be7 8.Qd2 Qc7
9.O-O-O Nc6 10.g4 b5 11.g5 Nd7 12.h4 Bb7 13.h5 b4 14.h6 gxh6 15.Nxc6 Qxc6 
16.Ne2 d5 17.Rxh6 dxe4 18.fxe4 Rd8 19.Nd4 Qxe4 20.g6 fxg6 21.Bd3 Qe5 22.
Bf4 Qf6 23.Bc7 Rc8 24.Rf1 Qxd4 25.Rxh7 Be4 26.Bxe4 Qxd2+ 27.Kxd2 Bg5+ 28.
Bf4 Bxf4+ 29.Rxf4 Rxh7 30.Bxg6+ Ke7 31.Bxh7 a5 32.c3 1/2-1/2

[Event "32nd WCh U20 Girls"]
[Site "Pune IND"]
[Date "2014.10.09"]
[Round "4.25"]
[White "Hinduja, Reddy"]
[Black "Kurbonboeva, Sarvinoz"]
[Result "1/2-1/2"]
[WhiteElo "1934"]
[BlackElo "2212"]
[EventDate "2014.10.06"]
[PlyCount "115"]

1.Nf3 Nf6 2.g3 g6 3.Bg2 Bg7 4.O-O O-O 5.c4 d5 6.d4 c6 7.cxd5 cxd5 8.Nc3 
Ne4 9.Qb3 Nxc3 10.bxc3 Nc6 11.Nd2 e6 12.e4 b6 13.Rd1 Ba6 14.a4 Na5 15.Qa2 
Nc4 16.exd5 exd5 17.Nf3 Rc8 18.Bg5 Qd7 19.Rac1 Rfe8 20.Bf4 Re7 21.Bf1 Bb7 
22.Nd2 Nd6 23.a5 h6 24.axb6 axb6 25.Nf3 Nc4 26.Re1 g5 27.Bd2 Rce8 28.Rxe7 
Rxe7 29.Qc2 Qg4 30.Bg2 Bc8 31.h3 Qf5 32.Qxf5 Bxf5 33.Be1 Nb2 34.Ra1 Be4 
35.Bd2 Nc4 36.Bc1 Rc7 37.Ra6 Rc6 38.Nd2 Bxg2 39.Kxg2 Na5 40.Bb2 Kf8 41.
Ba3+ Ke8 42.Bc5 bxc5 43.Rxa5 cxd4 44.cxd4 Rd6 45.Nf3 Ke7 46.Kf1 Ke6 47.Ke2
Rb6 48.Ke3 f5 49.Nd2 f4+ 50.Kd3 Rb4 51.Ra6+ Kf7 52.Ra7+ Kg6 53.Nf3 Rb3+ 
54.Ke2 Rb2+ 55.Kf1 Rb4 56.Rd7 Bxd4 57.Rxd5 Bf6 58.g4 1/2-1/2

[Event "32nd WCh U20 Girls"]
[Site "Pune IND"]
[Date "2014.10.09"]
[Round "4.26"]
[White "Michelle Catherina"]
[Black "Terzidaki, Alexandra"]
[Result "1-0"]
[WhiteElo "2114"]
[BlackElo "1902"]
[EventDate "2014.10.06"]
[PlyCount "45"]

1.e4 e6 2.d4 d5 3.Nc3 Bb4 4.e5 c5 5.a3 Bxc3+ 6.bxc3 Ne7 7.h4 Nbc6 8.h5 Qa5
9.Bd2 cxd4 10.cxd4 Qa4 11.Bc3 Nf5 12.Nf3 Bd7 13.Qd2 Rc8 14.Be2 a6 15.O-O 
Na7 16.Rfb1 Qc6 17.Rb3 Nb5 18.Bxb5 axb5 19.g4 Nh6 20.Bb4 Qxc2 21.Qg5 f6 
22.Qxg7 Nf7 23.Qxf6 1-0

[Event "32nd WCh U20 Girls"]
[Site "Pune IND"]
[Date "2014.10.09"]
[Round "4.27"]
[White "Shweta, Gole"]
[Black "Gagare, Shalmali"]
[Result "1-0"]
[WhiteElo "1881"]
[BlackElo "2088"]
[EventDate "2014.10.06"]
[PlyCount "154"]

1.d4 d5 2.Nf3 Nf6 3.c4 c6 4.e3 g6 5.Nc3 Bg7 6.Qb3 O-O 7.Bd2 b6 8.cxd5 cxd5
9.Ne5 Bb7 10.Rc1 Nbd7 11.f4 e6 12.Be2 Nxe5 13.fxe5 Nd7 14.O-O f6 15.Bg4 
fxe5 16.Bxe6+ Kh8 17.Bxd5 Bxd5 18.Qxd5 exd4 19.exd4 Rxf1+ 20.Rxf1 Nf8 21.
Qxd8 Rxd8 22.d5 Bd4+ 23.Kh1 Kg7 24.Rd1 Bxc3 25.Bxc3+ Kf7 26.Kg1 Nd7 27.b4 
Ke7 28.Kf2 Kd6 29.Bd2 Rf8+ 30.Kg3 Nf6 31.Bf4+ Kd7 32.Rd4 Rc8 33.Be5 Ne8 
34.Rh4 h5 35.Rf4 Ke7 36.Rf3 Nd6 37.Bxd6+ Kxd6 38.Ra3 Rc4 39.Rxa7 Rg4+ 40.
Kf3 Kxd5 41.b5 Kc5 42.a4 Kb4 43.Ra6 Kc5 44.Ra8 Kb4 45.Ra7 Kc5 46.h3 Rd4 
47.Rc7+ Kb4 48.Ke3 Rh4 49.Rb7 Kc5 50.Ra7 Kb4 51.Ra6 Kc5 52.a5 bxa5 53.Rxa5
Rc4 54.Ra6 Kxb5 55.Rxg6 Rc5 56.Kf4 Kb4 57.h4 Kb3 58.Rg5 Rc2 59.Kg3 Rc3+ 
60.Kh2 Kc4 61.Rxh5 Kd4 62.Rf5 Ke4 63.Rf8 Rc5 64.Kh3 Ke5 65.h5 Ke6 66.g4 
Ke7 67.Rf4 Rc1 68.Kh4 Rh1+ 69.Kg5 Rb1 70.h6 Rb5+ 71.Rf5 Rb1 72.h7 Rb8 73.
Kg6 Ke6 74.Rf1 Rc8 75.Re1+ Kd7 76.Kg7 Rc4 77.Rg1 Kd6 1-0

[Event "32nd WCh U20 Girls"]
[Site "Pune IND"]
[Date "2014.10.09"]
[Round "4.28"]
[White "Liu Manli"]
[Black "Anjana Krishna, S."]
[Result "1-0"]
[WhiteElo "2039"]
[BlackElo "1889"]
[EventDate "2014.10.06"]
[PlyCount "145"]

1.e4 e5 2.Nf3 Nf6 3.Nxe5 d6 4.Nf3 Nxe4 5.d4 d5 6.Bd3 Bd6 7.O-O O-O 8.c4 c6
9.Re1 Re8 10.Nc3 Nxc3 11.bxc3 Rxe1+ 12.Qxe1 h6 13.h3 Be6 14.cxd5 cxd5 15.
Rb1 Nd7 16.Qe2 Qc7 17.Bd2 Re8 18.Bc2 Nf6 19.Qb5 Re7 20.Re1 Bd7 21.Qb1 Bc6 
22.Rxe7 Qxe7 23.Qf1 a6 24.Bd3 Ne4 25.Be1 Ng5 26.Nxg5 Qxg5 27.Qe2 Qe7 28.
Qd2 Qe6 29.Qe3 Bd7 30.Bd2 Kf8 31.Qf3 Bc6 32.Bf5 Qf6 33.Bf4 Kg8 34.Bxd6 
Qxd6 35.Qe3 Bd7 36.Bd3 Be6 37.f4 Qd7 38.g4 f6 39.Kf2 Kf8 40.Bc2 Qc8 41.Bb1
Qd7 42.Bg6 Qd6 43.Kf3 Bd7 44.Bc2 Qc6 45.Kg2 a5 46.Bd1 Qb5 47.Qd2 Qb6 48.
Qc2 Qd6 49.Qc1 Qe7 50.Bf3 Bc6 51.Kf2 Qd6 52.Be2 Qe7 53.Bd3 Qd6 54.Kf3 Qe7 
55.Qe3 Qd6 56.h4 Bd7 57.g5 Be8 58.gxf6 Qxf6 59.Kg3 Bg6 60.Be2 Be4 61.h5 g6
62.Qf2 gxh5 63.Bxh5 Qg7+ 64.Kh2 Qf6 65.Qg3 Qb6 66.f5 Qb2+ 67.Kg1 Qc1+ 68.
Kf2 Qb2+ 69.Be2 Qb6 70.Qe5 Kg8 71.Qe8+ Kg7 72.Qe7+ Kg8 73.f6 1-0

[Event "32nd WCh U20 Girls"]
[Site "Pune IND"]
[Date "2014.10.09"]
[Round "4.29"]
[White "Bala Kannamma, P."]
[Black "Tejaswini, Sagar"]
[Result "0-1"]
[WhiteElo "2023"]
[BlackElo "1876"]
[EventDate "2014.10.06"]
[PlyCount "68"]

1.Nf3 Nf6 2.c4 g6 3.g3 Bg7 4.Bg2 O-O 5.O-O d6 6.Nc3 e5 7.d3 h6 8.Rb1 a5 9.
b3 Re8 10.Bb2 c6 11.Na4 Na6 12.c5 dxc5 13.Nxe5 Nd5 14.Bxd5 cxd5 15.Nf3 d4 
16.Bc1 b5 17.Nb2 Nb4 18.a4 Nd5 19.Qc2 Nc3 20.e4 Nxb1 21.Qxb1 Bd7 22.Bd2 
bxa4 23.bxa4 Rb8 24.Qc1 g5 25.Nc4 Bg4 26.Kg2 Qd7 27.Ng1 Qxa4 28.Bxa5 Be6 
29.Bc7 Rb7 30.Bd6 Bxc4 31.Qxc4 Qxc4 32.dxc4 Bf8 33.Bxf8 Kxf8 34.f4 g4 0-1

[Event "32nd WCh U20 Girls"]
[Site "Pune IND"]
[Date "2014.10.09"]
[Round "4.30"]
[White "Potluri, Supreetha"]
[Black "Fransson, Angelina"]
[Result "1-0"]
[WhiteElo "1738"]
[BlackElo "2019"]
[EventDate "2014.10.06"]
[PlyCount "99"]

1.d4 Nf6 2.Bf4 g6 3.Nf3 Bg7 4.e3 O-O 5.Be2 c5 6.c3 d6 7.O-O b6 8.Nbd2 Bb7 
9.a4 Nbd7 10.a5 Qc7 11.a6 Bc6 12.c4 e5 13.Bg3 Bxf3 14.Bxf3 Rae8 15.d5 Rb8 
16.Be2 b5 17.cxb5 Nxd5 18.Bf3 N5f6 19.Bc6 Rbd8 20.Nc4 Nb6 21.Na5 Rb8 22.
Rc1 Qe7 23.Nb7 Nc8 24.Bh4 Qe6 25.e4 h6 26.f3 Kh7 27.Qd2 g5 28.Bf2 Rg8 29.
Rfd1 Bf8 30.h3 Be7 31.b4 cxb4 32.Qxb4 d5 33.exd5 Bxb4 34.dxe6 fxe6 35.Bg3 
Ba3 36.Rc3 Bb2 37.Rb3 Nh5 38.Be4+ Kg7 39.Bh2 Bd4+ 40.Rxd4 exd4 41.Bxb8 Kf6
42.b6 Nxb6 43.Bxa7 Na8 44.Bxd4+ e5 45.Bb2 Nf4 46.Nc5 Ne2+ 47.Kf2 Nd4 48.
Bxd4 exd4 49.a7 Rg7 50.Rb7 1-0

[Event "32nd WCh U20 Girls"]
[Site "Pune IND"]
[Date "2014.10.09"]
[Round "4.31"]
[White "Madhurima, Shekhar"]
[Black "Supriya, Joshi"]
[Result "1/2-1/2"]
[WhiteElo "2000"]
[BlackElo "1857"]
[EventDate "2014.10.06"]
[PlyCount "64"]

1.e4 c6 2.d4 d5 3.Nc3 dxe4 4.Nxe4 Bf5 5.Ng3 Bg6 6.Nf3 Nd7 7.h4 h6 8.h5 Bh7
9.Bd3 Bxd3 10.Qxd3 e6 11.Bd2 Ngf6 12.O-O-O Be7 13.Kb1 Rc8 14.Ne4 c5 15.Bc3
c4 16.Qe2 Nd5 17.Bd2 b5 18.Ne5 Qc7 19.Nxd7 Qxd7 20.Qg4 Bf6 21.Nxf6+ gxf6 
22.Bxh6 Rxh6 23.Qg7 c3 24.Qxh6 cxb2 25.Rh3 b4 26.Rdd3 Nc3+ 27.Kxb2 Na4+ 
28.Kb1 Nc3+ 29.Kb2 Na4+ 30.Kb1 Nc3+ 31.Kc1 Na4 32.Rb3 Qd5 1/2-1/2

[Event "32nd WCh U20 Girls"]
[Site "Pune IND"]
[Date "2014.10.09"]
[Round "4.32"]
[White "Afraoui, Solenn"]
[Black "Ananya, Suresh"]
[Result "0-1"]
[WhiteElo "1989"]
[BlackElo "1853"]
[EventDate "2014.10.06"]
[PlyCount "110"]

1.d4 Nf6 2.c4 g6 3.g3 Bg7 4.Bg2 O-O 5.Nc3 d6 6.Nf3 Nc6 7.O-O e5 8.d5 Ne7 
9.e4 Ne8 10.Ne1 f5 11.Nd3 Rf7 12.f4 a6 13.Kh1 Bf6 14.exf5 gxf5 15.fxe5 
dxe5 16.Qe2 Ng6 17.Bh6 Rb8 18.Rad1 Bh8 19.Be3 b6 20.Nb4 Qd6 21.Nc6 Ra8 22.
b4 e4 23.Qc2 Bd7 24.b5 a5 25.Ne2 Qa3 26.Bc1 Qc5 27.Bd2 Nd6 28.Rc1 Bxc6 29.
dxc6 Ne5 30.Nf4 Nexc4 31.a4 Qe5 32.Be1 Ne3 33.Qb3 Nxf1 34.Bxf1 Qb2 35.Qd1 
Re8 36.Rc2 Qb3 37.Rc1 Qxd1 38.Rxd1 e3 39.Be2 Re4 40.Nd5 Rd4 41.Rxd4 Bxd4 
42.Bh5 Rg7 43.Kg2 Kf8 44.Bd1 Ne4 45.Kf3 Nc5 46.Nxe3 Bxe3 47.Kxe3 Re7+ 48.
Kd2 Re5 49.Bc2 Ne4+ 50.Kc1 Ke7 51.Kb2 Kd6 52.Bxe4 Rxe4 53.Bd2 Rxa4 54.Bf4+
Rxf4 55.gxf4 Kc5 0-1

[Event "32nd WCh U20 Girls"]
[Site "Pune IND"]
[Date "2014.10.09"]
[Round "4.33"]
[White "Bakshi, Rutuja"]
[Black "Salonika, Saina"]
[Result "1-0"]
[WhiteElo "1959"]
[BlackElo "1737"]
[EventDate "2014.10.06"]
[PlyCount "89"]

1.d4 Nf6 2.Nf3 g6 3.c4 Bg7 4.Nc3 O-O 5.g3 d6 6.Bg2 Nc6 7.O-O e5 8.dxe5 
dxe5 9.Bg5 Qe8 10.Nd5 Nxd5 11.cxd5 Nd4 12.Nxd4 exd4 13.Rc1 Qb5 14.Rxc7 Bg4
15.Re1 Rfe8 16.Be7 d3 17.Qxd3 Qa5 18.Rec1 Bxb2 19.R1c4 b5 20.Rc2 Qe1+ 21.
Bf1 Bf5 22.Qd2 Qxd2 23.Rxd2 Bc3 24.Rxc3 Rxe7 25.f3 Rc8 26.Rxc8+ Bxc8 27.e4
Rb7 28.e5 Kf8 29.f4 a5 30.Bg2 Rb8 31.Kf2 Bf5 32.Ke3 Ke7 33.Kd4 Rc8 34.Bf1 
b4 35.Bc4 h6 36.Rf2 Kd7 37.Bb5+ Ke7 38.Bc6 Bd7 39.Kc5 Bxc6 40.dxc6 Ke6 41.
Rd2 Ke7 42.Kb6 Ke6 43.Kb7 Rc7+ 44.Kxc7 Ke7 45.Kb7 1-0

[Event "32nd WCh U20 Girls"]
[Site "Pune IND"]
[Date "2014.10.09"]
[Round "4.34"]
[White "Bengtsson, Jessica"]
[Black "Djogteva, Jekaterina"]
[Result "1-0"]
[WhiteElo "1943"]
[BlackElo "1754"]
[EventDate "2014.10.06"]
[PlyCount "75"]

1.e4 e5 2.Nf3 Nf6 3.d4 Nxe4 4.Bd3 d5 5.Nxe5 Bd6 6.O-O O-O 7.c4 c6 8.Nc3 
Nxc3 9.bxc3 Nd7 10.Nxd7 Bxd7 11.cxd5 Qh4 12.g3 Qh3 13.Be4 Bg4 14.Bf3 Bxf3 
15.Qxf3 Rac8 16.Rb1 Qd7 17.dxc6 Rxc6 18.Bd2 Rb8 19.Rfe1 h6 20.Re4 Ra6 21.
Rb2 Ba3 22.Rc2 Qa4 23.Qd3 Rb6 24.Bf4 Rc8 25.c4 Bb2 26.Rce2 Ba1 27.d5 g5 
28.c5 Rb4 29.Bd6 Rd4 30.Rxd4 Qxd4 31.Qe4 Bc3 32.Kg2 a5 33.Qf5 Rd8 34.Re7 
Qf6 35.Qxf6 Bxf6 36.Rxb7 Kg7 37.Kf3 Bc3 38.c6 1-0

[Event "32nd WCh U20 Girls"]
[Site "Pune IND"]
[Date "2014.10.09"]
[Round "4.36"]
[White "Bidhar, Rutumbara"]
[Black "San Diego, Marie Antoinette"]
[Result "0-1"]
[WhiteElo "1780"]
[BlackElo "2033"]
[EventDate "2014.10.06"]
[PlyCount "101"]

1.Nf3 d5 2.d4 Nf6 3.g3 c6 4.Bg2 h6 5.O-O Bf5 6.Nbd2 e6 7.c4 Be7 8.b3 O-O 
9.Bb2 Nbd7 10.Rc1 Bh7 11.e3 Rc8 12.Qe2 Re8 13.Rfd1 Qb6 14.c5 Qc7 15.b4 b5 
16.Ne5 a5 17.a3 Ra8 18.bxa5 Nxe5 19.dxe5 Nd7 20.Nb3 Nxe5 21.Bxe5 Qxe5 22.
f4 Qc7 23.e4 Kf8 24.Rd4 Rab8 25.Qa2 Qa7 26.e5 Bd8 27.a4 b4 28.a6 Qxa6 29.
Bf1 Qa7 30.a5 f6 31.Qa4 fxe5 32.fxe5 Qc7 33.Re1 Bc2 34.a6 Bxb3 35.Qxb3 Be7
36.Qe3 Kg8 37.Rg4 Kh8 38.Rg6 Bf8 39.Bd3 Qa7 40.Rc1 b3 41.Bb1 b2 42.Rc3 
Qxa6 43.Qf2 Qa4 44.Kg2 Qe4+ 45.Bxe4 dxe4 46.Rb3 Rxb3 47.Rxe6 Rxe6 48.Qxf8+
Kh7 49.Qf5+ Rg6 50.e6 b1=Q 51.e7 0-1

[Event "32nd WCh U20 Girls"]
[Site "Pune IND"]
[Date "2014.10.09"]
[Round "4.37"]
[White "Harshita, Guddanti"]
[Black "Lalaoui, Feriel"]
[Result "1-0"]
[WhiteElo "1925"]
[BlackElo "1739"]
[EventDate "2014.10.06"]
[PlyCount "123"]

1.e4 e5 2.Nf3 Nc6 3.Bb5 a6 4.Ba4 Nf6 5.d3 b5 6.Bb3 Be7 7.O-O d6 8.a4 Bd7 
9.c3 O-O 10.Bc2 Re8 11.Re1 b4 12.h3 Rb8 13.Nbd2 Na5 14.d4 Bf8 15.Bd3 Bc8 
16.c4 c5 17.d5 b3 18.Nb1 Bd7 19.Bd2 g6 20.Bc3 Bh6 21.Nbd2 Nh5 22.Ra3 Nf4 
23.Bf1 Qb6 24.Kh2 Bg7 25.g3 Nh5 26.Nh4 Rf8 27.Bd3 Rb7 28.Be2 Nf6 29.Bd3 
Ne8 30.Qf3 Bh6 31.Be2 f5 32.exf5 Bxf5 33.Nxf5 Rxf5 34.Qg2 Rbf7 35.Ne4 Nf6 
36.Nxf6+ R5xf6 37.Rf1 Qd8 38.Kg1 Qb6 39.Qe4 Qd8 40.Bd1 Rb7 41.Qd3 Rf8 42.
Be1 Bc1 43.Bc3 Bh6 44.Bg4 Bg7 45.Qe4 Rb8 46.Be2 Qc7 47.Bd3 Bf6 48.h4 Bd8 
49.h5 Rf6 50.hxg6 Rxg6 51.Kg2 Rh6 52.Bd2 Rg6 53.Rh1 Rg7 54.Bxa5 Qxa5 55.
Rxh7 Qc7 56.Rh5 a5 57.Ra1 Bf6 58.Rah1 Rb4 59.Qf5 Qe7 60.Rh8+ Kf7 61.Qh5+ 
Rg6 62.Qxg6# 1-0

[Event "32nd WCh U20 Girls"]
[Site "Pune IND"]
[Date "2014.10.09"]
[Round "4.38"]
[White "Samudin, Elina"]
[Black "Shristi Shetty, J."]
[Result "1/2-1/2"]
[WhiteElo "1623"]
[BlackElo "1907"]
[EventDate "2014.10.06"]
[PlyCount "64"]

1.e4 c5 2.Nc3 Nc6 3.d3 g6 4.g3 Bg7 5.Bg2 e6 6.f4 Nge7 7.Nf3 d5 8.e5 f6 9.
exf6 Bxf6 10.O-O O-O 11.Kh1 a6 12.Re1 b5 13.Ne2 d4 14.Neg1 Ra7 15.Nh3 Nf5 
16.Nfg5 Nce7 17.Ne4 Nd5 18.Nxf6+ Rxf6 19.Qe2 Nde3 20.Bxe3 Nxe3 21.Nf2 Nxg2
22.Kxg2 Bb7+ 23.Kg1 Qd5 24.Ne4 Rf8 25.Qg4 Raa8 26.Qg5 Rf5 27.Qg4 Rff8 28.
Re2 Kg7 29.a3 e5 30.fxe5 Qxe5 31.h3 Rf5 32.Rae1 Rc8 1/2-1/2

[Event "32nd WCh U20 Girls"]
[Site "Pune IND"]
[Date "2014.10.09"]
[Round "4.39"]
[White "Divya Lakshmi, R."]
[Black "Cuvelier, Annelies"]
[Result "1-0"]
[WhiteElo "1905"]
[BlackElo "1619"]
[EventDate "2014.10.06"]
[PlyCount "99"]

1.e4 e5 2.Nf3 Nc6 3.Bb5 a6 4.Ba4 Nf6 5.Qe2 b5 6.Bb3 Be7 7.c3 O-O 8.O-O d6 
9.h3 Na5 10.Bc2 c5 11.d4 Qc7 12.d5 Bd7 13.Re1 c4 14.Nbd2 Rfc8 15.Nf1 Nb7 
16.Ng3 a5 17.Nh4 b4 18.Nhf5 Bxf5 19.Nxf5 Ne8 20.Be3 Nd8 21.Qg4 Bf8 22.Ba4 
Nf6 23.Qh4 Nd7 24.Rac1 Rcb8 25.Qg3 Kh8 26.b3 Nc5 27.Bxc5 Qxc5 28.cxb4 Qxb4
29.Re3 cxb3 30.axb3 Rc8 31.Bc6 Nxc6 32.dxc6 g6 33.Qg5 Bg7 34.Ne7 Qd2 35.
Rc4 Qd1+ 36.Kh2 f6 37.Qg4 Qxg4 38.hxg4 Rc7 39.Nd5 Rca7 40.Nb6 Ra6 41.c7 
Rg8 42.c8=Q Rxb6 43.Qe6 Rbb8 44.Rc7 Rbe8 45.Re7 Rd8 46.Rc3 f5 47.gxf5 gxf5
48.Rh3 fxe4 49.Qg6 Bh6 50.Qxh7# 1-0

[Event "32nd WCh U20 Girls"]
[Site "Pune IND"]
[Date "2014.10.10"]
[Round "5.1"]
[White "Khademalsharieh, Sarasadat"]
[Black "Padmini, Rout"]
[Result "1/2-1/2"]
[WhiteElo "2366"]
[BlackElo "2331"]
[EventDate "2014.10.06"]
[PlyCount "81"]

1.d4 g6 2.Nf3 Bg7 3.c4 Nf6 4.Nc3 O-O 5.e4 d6 6.h3 e5 7.d5 Nh5 8.Nh2 a5 9.
g3 Na6 10.Be2 Nf6 11.g4 c6 12.Be3 cxd5 13.cxd5 Nd7 14.Qd2 Ndc5 15.Rg1 Bd7 
16.Nf1 b5 17.Ng3 b4 18.Nd1 Qe7 19.f3 Rfc8 20.Nf2 Rc7 21.Kf1 Rac8 22.Kg2 
Qe8 23.h4 Bb5 24.Rac1 Na4 25.Rxc7 Rxc7 26.Rc1 Rxc1 27.Qxc1 N6c5 28.Qc2 Qb8
29.b3 Nc3 30.Bxb5 Qxb5 31.Bd2 Ne2 32.Nxe2 Qxe2 33.Qd1 Qxd1 34.Nxd1 Bf6 35.
g5 Bd8 36.Nb2 f6 37.Be3 Nb7 38.Nc4 f5 39.Ba7 fxe4 40.fxe4 Kf7 41.Kf3 
1/2-1/2

[Event "32nd WCh U20 Girls"]
[Site "Pune IND"]
[Date "2014.10.10"]
[Round "5.2"]
[White "Chumpitaz Carbajal, Ann"]
[Black "Pustovoitova, Daria"]
[Result "1/2-1/2"]
[WhiteElo "2201"]
[BlackElo "2354"]
[EventDate "2014.10.06"]
[PlyCount "90"]

1.d4 Nf6 2.c4 e6 3.Nf3 b6 4.Nc3 Bb4 5.Qb3 c5 6.Bd2 Nc6 7.e3 O-O 8.a3 cxd4 
9.exd4 Bxc3 10.Qxc3 Ne4 11.Qc2 Nxd2 12.Qxd2 d5 13.c5 bxc5 14.dxc5 e5 15.
Bb5 Na5 16.Rd1 Rb8 17.Be2 Nb3 18.Qxd5 Qa5+ 19.Kf1 Ba6 20.Nxe5 Bxe2+ 21.
Kxe2 Qa6+ 22.Kf3 Qf6+ 23.Kg3 g5 24.f3 Rfd8 25.Nd7 Qf4+ 26.Kf2 Nxc5 27.Qxc5
Rxb2+ 28.Kf1 Rb7 29.Qc3 Rdxd7 30.Rxd7 Rxd7 31.Qc8+ Kg7 32.Qxd7 Qc1+ 33.Kf2
Qxh1 34.Qd4+ Kg6 35.Qe4+ Kg7 36.Qd4+ Kg6 37.Qxa7 Qxh2 38.Qd4 Qc7 39.a4 
Qc2+ 40.Kg3 Qc7+ 41.Kh3 h5 42.Qe4+ Kh6 43.Qf5 h4 44.f4 Qc3+ 45.Kh2 Qg3+ 
1/2-1/2

[Event "32nd WCh U20 Girls"]
[Site "Pune IND"]
[Date "2014.10.10"]
[Round "5.3"]
[White "Goryachkina, Alexandra"]
[Black "Sviridova, Vlada"]
[Result "1-0"]
[WhiteElo "2430"]
[BlackElo "2069"]
[EventDate "2014.10.06"]
[PlyCount "109"]

1.d4 d5 2.c4 c6 3.Nc3 Nf6 4.e3 e6 5.Nf3 Nbd7 6.Qc2 Bd6 7.Bd3 O-O 8.O-O 
dxc4 9.Bxc4 a6 10.Rd1 b5 11.Be2 Qc7 12.Ne4 Nxe4 13.Qxe4 e5 14.Qd3 exd4 15.
Qxd4 Be7 16.Qe4 Nf6 17.Qe5 Qxe5 18.Nxe5 Bb7 19.Bf3 Rfd8 20.Bd2 Rac8 21.Ba5
Rxd1+ 22.Rxd1 Ba8 23.g4 h6 24.h3 c5 25.Bxa8 Rxa8 26.Nc6 Bf8 27.Bd8 c4 28.
Bxf6 gxf6 29.Kf1 Rc8 30.Nd4 b4 31.Rc1 Rc5 32.Kg2 a5 33.Kf3 a4 34.Ke2 Kh7 
35.Nf3 Bd6 36.Nd2 Be5 37.Rxc4 Rxc4 38.Nxc4 Bc7 39.Kd3 Kg6 40.Nd2 f5 41.
gxf5+ Kxf5 42.Kc4 Bd6 43.f4 h5 44.Kd5 Be7 45.Nf3 h4 46.Nd4+ Kf6 47.e4 Bd8 
48.e5+ Kg6 49.f5+ Kg5 50.e6 fxe6+ 51.Nxe6+ Kxf5 52.Nxd8 Kf4 53.Ne6+ Kg3 
54.Nd4 a3 55.b3 1-0

[Event "32nd WCh U20 Girls"]
[Site "Pune IND"]
[Date "2014.10.10"]
[Round "5.4"]
[White "Nandhidhaa, P. V."]
[Black "Arabidze, Meri"]
[Result "1-0"]
[WhiteElo "2144"]
[BlackElo "2409"]
[EventDate "2014.10.06"]
[PlyCount "95"]

1.e4 c5 2.b3 d6 3.Bb2 Nf6 4.Nc3 Nc6 5.f4 a6 6.Nf3 Bg4 7.h3 Bxf3 8.Qxf3 Nd4
9.Qd3 e5 10.O-O-O b5 11.Nd5 Be7 12.fxe5 dxe5 13.Qg3 Nxd5 14.exd5 O-O 15.c3
Qxd5 16.cxd4 cxd4 17.Kb1 f5 18.Be2 Rad8 19.d3 Bb4 20.Bf3 Qe6 21.Qh4 a5 22.
g4 f4 23.Rc1 a4 24.Be4 h6 25.Rc6 Rd6 26.Rxd6 Bxd6 27.g5 Be7 28.Qg4 Qxg4 
29.hxg4 Bxg5 30.Ba3 Rd8 31.Rc1 axb3 32.axb3 Bh4 33.Rc7 Bf6 34.Rb7 g5 35.
Rxb5 h5 36.gxh5 g4 37.Rb6 Kf7 38.Rb7+ Ke6 39.Rb6+ Kf7 40.Rb7+ Ke6 41.Bg6 
e4 42.Rb6+ Ke5 43.Rb5+ Ke6 44.Bxe4 Be5 45.Rb6+ Kf7 46.Rg6 g3 47.Bc5 Bg7 
48.b4 1-0

[Event "32nd WCh U20 Girls"]
[Site "Pune IND"]
[Date "2014.10.10"]
[Round "5.5"]
[White "Zhai Mo"]
[Black "Pratyusha, Bodda"]
[Result "1-0"]
[WhiteElo "2339"]
[BlackElo "2078"]
[EventDate "2014.10.06"]
[PlyCount "152"]

1.d4 d5 2.c4 c6 3.cxd5 cxd5 4.Bf4 Nc6 5.e3 Nf6 6.Nc3 Bg4 7.f3 Bd7 8.Bd3 e6
9.Bg3 Be7 10.Nge2 Rc8 11.Rc1 O-O 12.O-O a6 13.Bb1 b5 14.Nf4 Na5 15.Nd3 Nc4
16.Bf2 b4 17.Na4 Bb5 18.Re1 Nd7 19.Nac5 Nxc5 20.dxc5 g6 21.Bc2 Bf6 22.Rb1 
Qd7 23.Bb3 a5 24.Bg3 Rfd8 25.h3 Qc6 26.Kh1 e5 27.Qc2 e4 28.fxe4 dxe4 29.
Nf2 Nd2 30.Rbd1 Nxb3 31.axb3 Bd3 32.Nxd3 exd3 33.Rxd3 Rxd3 34.Qxd3 Qxc5 
35.Bd6 Rd8 36.Bxc5 Rxd3 37.Ra1 Rxb3 38.Rxa5 Bxb2 39.Kg1 Bc3 40.Kf2 Kg7 41.
Ra8 g5 42.Bf8+ Kg6 43.g4 Rb2+ 44.Kf3 Rh2 45.Ke4 Rf2 46.Rb8 Rf1 47.Be7 h6 
48.Bf8 Kh7 49.Rb6 Bg7 50.Bxb4 Rh1 51.Rb7 Kg6 52.Rb6+ f6 53.Kf3 Rxh3+ 54.
Kf2 h5 55.gxh5+ Kxh5 56.Bc3 g4 57.Bd4 Rf3+ 58.Kg2 Kg6 59.Rb4 f5 60.Rb6+ 
Kh5 61.Bxg7 Rxe3 62.Bh6 Rd3 63.Bf4 g3 64.Bxg3 Kg5 65.Be5 Rd2+ 66.Kf3 Rd3+ 
67.Kf2 Ra3 68.Bf6+ Kh5 69.Bb2 Rd3 70.Bc1 Rc3 71.Be3 Kg4 72.Rg6+ Kh3 73.
Rg3+ Kh2 74.Rf3 Rc2+ 75.Kf1 Kh1 76.Rxf5 Rb2 1-0

[Event "32nd WCh U20 Girls"]
[Site "Pune IND"]
[Date "2014.10.10"]
[Round "5.6"]
[White "Furtado, Ivana Maria"]
[Black "Nguyen Thi Mai Hung"]
[Result "1-0"]
[WhiteElo "2165"]
[BlackElo "2299"]
[EventDate "2014.10.06"]
[PlyCount "61"]

1.Nf3 d5 2.b3 Bf5 3.Bb2 e6 4.e3 Nf6 5.Be2 h6 6.O-O Bd6 7.c4 O-O 8.Ne5 c6 
9.d3 Qc7 10.d4 Nbd7 11.f4 Ne4 12.Nc3 Rad8 13.c5 Be7 14.Nd3 f6 15.b4 a6 16.
Bf3 e5 17.Ne2 exf4 18.Nexf4 Nb8 19.g4 Bc8 20.Ng6 Rfe8 21.Bxe4 dxe4 22.Ndf4
Kh7 23.h3 f5 24.gxf5 Bxf5 25.Qh5 Qc8 26.Ne5 Rf8 27.Nfg6 Qe6 28.Nxe7 g6 29.
Qh4 g5 30.Qh5 Bxh3 31.Nf7 1-0

[Event "32nd WCh U20 Girls"]
[Site "Pune IND"]
[Date "2014.10.10"]
[Round "5.7"]
[White "Imeeva, Aysa"]
[Black "Ibrahimova, Sabina"]
[Result "0-1"]
[WhiteElo "2077"]
[BlackElo "2271"]
[EventDate "2014.10.06"]
[PlyCount "94"]

1.e4 c5 2.Nf3 Nc6 3.d4 cxd4 4.Nxd4 g6 5.Nc3 Bg7 6.Be3 Nf6 7.Be2 O-O 8.Nb3 
d6 9.O-O Be6 10.f4 Rc8 11.Bf3 Bc4 12.Rf2 e5 13.Rd2 exf4 14.Bxf4 Ne8 15.
Bxd6 Nxd6 16.Rxd6 Qc7 17.Rd7 Qb6+ 18.Kh1 Ne5 19.Rd6 Qc7 20.Rd2 Bh6 21.Rd4 
Bg7 22.Be2 Be6 23.Rd6 Ng4 24.Bxg4 Bxg4 25.Qd3 Be5 26.Rd5 Bxh2 27.Rc5 Qd6 
28.Qxd6 Bxd6 29.Rxc8 Rxc8 30.Nd5 Kg7 31.Ne3 h5 32.c3 Re8 33.Nc4 Bg3 34.
Ncd2 h4 35.Nd4 Bf4 36.N2f3 Rxe4 37.Nxh4 Re8 38.Nhf3 Rh8+ 39.Kg1 Be3+ 40.
Kf1 Bxf3 41.gxf3 Bxd4 42.Kg2 Be5 43.Rb1 Rh2+ 44.Kg1 Rc2 45.a4 Bf4 46.a5 
Kf6 47.Kf1 Rc1+ 0-1

[Event "32nd WCh U20 Girls"]
[Site "Pune IND"]
[Date "2014.10.10"]
[Round "5.8"]
[White "Gelip, Ioana"]
[Black "Petrukhina, Irina"]
[Result "1-0"]
[WhiteElo "2154"]
[BlackElo "2218"]
[EventDate "2014.10.06"]
[PlyCount "39"]

1.e4 c5 2.Nf3 d6 3.d4 cxd4 4.Nxd4 Nf6 5.Nc3 a6 6.Bc4 e6 7.Bb3 b5 8.Bg5 Be7
9.Qf3 Qb6 10.O-O-O Nbd7 11.Rhe1 Nc5 12.Nf5 exf5 13.Bxf6 Nxb3+ 14.axb3 gxf6
15.Nd5 Qd8 16.Nxe7 Kxe7 17.exf5+ Be6 18.fxe6 fxe6 19.Qb7+ Qd7 20.Rxe6+ 1-0

[Event "32nd WCh U20 Girls"]
[Site "Pune IND"]
[Date "2014.10.10"]
[Round "5.9"]
[White "Ni Shiqun"]
[Black "Vaishali, Ramesh Babu"]
[Result "0-1"]
[WhiteElo "2312"]
[BlackElo "2124"]
[EventDate "2014.10.06"]
[PlyCount "160"]

1.e4 e5 2.Nf3 d6 3.Bc4 Be7 4.O-O Nf6 5.d3 Nc6 6.a4 O-O 7.Re1 Bg4 8.h3 Bh5 
9.c3 d5 10.exd5 Nxd5 11.Nbd2 Nb6 12.Bb5 f6 13.Nf1 Be8 14.a5 Nd5 15.Bc4 Bf7
16.Ng3 Qd7 17.a6 Rab8 18.d4 exd4 19.Nxd4 Nxd4 20.Qxd4 Rfe8 21.axb7 c5 22.
Qd3 Qxb7 23.Nf5 Bf8 24.Bd2 Nb6 25.Bxf7+ Qxf7 26.Rxe8 Rxe8 27.b4 cxb4 28.
cxb4 Re5 29.Ne3 Re7 30.Qb5 Rd7 31.Be1 Nd5 32.Rd1 Nb6 33.Rc1 Nd5 34.Rd1 Nb6
35.Rxd7 Qxd7 36.Qxd7 Nxd7 37.Kf1 a6 38.Ke2 Kf7 39.Nd5 Bd6 40.g4 g6 41.Bc3 
Ke6 42.Ne3 Nb6 43.Kd3 Nd5 44.Nxd5 Kxd5 45.Bxf6 Bxb4 46.f4 a5 47.f5 gxf5 
48.gxf5 Bd6 49.Bb2 Be5 50.Bc1 Bf6 51.Bd2 a4 52.Bc1 Ke5 53.Ke2 Kxf5 54.Kf3 
h5 55.Ba3 h4 56.Ke3 Ke5 57.Bb2+ Ke6 58.Ba3 Kd5 59.Kd3 Bg5 60.Bb4 Bf6 61.
Ba3 Be5 62.Be7 Ke6 63.Ba3 Bd6 64.Bb2 Kf5 65.Ke3 Bf4+ 66.Kf3 Bg5 67.Ba3 Ke5
68.Kg4 Bd8 69.Bf8 Kd4 70.Kh5 Kc4 71.Kg4 Kb3 72.Bd6 Ba5 73.Kxh4 Bb4 74.Be5 
a3 75.Kg5 a2 76.h4 Bc3 77.Bxc3 Kxc3 78.h5 a1=Q 79.h6 Kc4 80.Kg6 Qh8 0-1